[Event "European Ind w 2012"]
[Site "Gaziantep TUR"]
[Date "2012.03.06"]
[Round "5"]
[White "Cmilyte,V"]
[Black "Mammadova,G"]
[Result "1-0"]
[WhiteElo "2497"]
[BlackElo "2324"]

1.c4 e6 2.Nf3 d5 3.d4 Nf6 4.e3 c6 5.b3 Nbd7 6.Bb2 Bd6 7.Bd3 O-O 8.Nbd2 Qe7
9.Ne5 Ba3 10.Bxa3 Qxa3 11.O-O Nxe5 12.dxe5 Nd7 13.f4 f5 14.cxd5 cxd5 15.Nf3 Nc5
16.Bc2 b6 17.Nd4 Bd7 18.g4 g6 19.Kh1 Kh8 20.gxf5 gxf5 21.Qh5 Ne4 22.Qh4 Rf7
23.Bxe4 dxe4 24.Rg1 Qe7 25.Qxe7 Rxe7 26.Rac1 Be8 27.Rc2 Rb8 28.h4 h6 29.Rcg2 Rbb7
30.Rc2 Kh7 31.Rc8 Bd7 32.Rf8 Be8 33.Rgg8 Bf7 34.Rh8+ Kg6 35.Rc8 Kh5 36.Kh2 Rbc7
37.Kh3 a6 38.Ne2 Kg6 39.Nd4 Red7 40.Kg3 b5 41.Rhd8 Re7 42.Nc6 Red7 43.Rxd7 Rxd7
44.Nd4 Kh5 45.Rc6 a5 46.Rc5 a4 47.Rxb5 axb3 48.axb3 Rc7 49.b4 Rc3 50.Kf2 Kxh4
51.Rc5 Ra3 52.b5 Be8 53.b6 Ba4 54.b7 Ra2+ 55.Rc2  1-0

[Event "ch-Moscow S/F 2012"]
[Site "Moscow RUS"]
[Date "2012.03.06"]
[Round "9"]
[White "Trofimovsky,A"]
[Black "Glushkov,L"]
[Result "1/2-1/2"]
[WhiteElo "2103"]
[BlackElo "1958"]

1.c4 e6 2.Nf3 d5 3.b3 f5 4.g3 Nf6 5.Bg2 Bd6 6.O-O O-O 7.d4 c6 8.Ba3 Bxa3
9.Nxa3 Qe7 10.Nc2 Nbd7 11.Nce1 dxc4 12.bxc4 e5 13.dxe5 Nxe5 14.Nxe5 Qxe5
15.Rb1 Re8 16.e3 Be6 17.Nf3 Qc7 18.Qc2 Rab8 19.Nd4 g6 20.Nxe6 Rxe6 21.Rfd1 Nd7
22.e4 fxe4 23.Bxe4 Nc5 24.Bg2 Rbe8 25.Qc3 Re2 26.Qa3 Qe5 27.Bf3 Rc2 28.Re1 Qxe1+
29.Rxe1 Rxe1+ 30.Kg2 Rxc4 31.Qxa7 Re8 32.Qb6 Rf8 33.Bd1 Rc1 34.Bb3+ Nxb3
35.Qxb3+ Rf7 36.f4 b5 37.Qe6 Rc4 38.h4 Kf8 39.h5 gxh5 40.Qh6+ Kg8 41.Qxh5 Rc2+
42.Kf3 Rxa2 43.Qg4+ Kf8 44.Qc8+ Kg7 45.Qxc6 b4 46.Qd6 b3 47.Qd5 Ra3 48.Qg5+ Kh8
49.Qe5+ Kg8 50.Qe8+ Kg7 51.Qe5+ Kg8 52.Qg5+  1/2-1/2

[Event "Reykjavik Open"]
[Site "Reykjavik ISL"]
[Date "2012.03.08"]
[Round "3.38"]
[White "Johannesson,I"]
[Black "Jonsson,P"]
[Result "1-0"]
[WhiteElo "2331"]
[BlackElo "2057"]

1.c4 e6 2.Nf3 d5 3.g3 Nf6 4.Bg2 Be7 5.O-O O-O 6.d4 Nbd7 7.Qc2 c6 8.Nbd2 b6
9.e4 dxe4 10.Nxe4 Bb7 11.Rd1 Qc8 12.Nc3 Rd8 13.Bf4 a6 14.a4 b5 15.c5 b4 16.Ne4 Nxe4
17.Qxe4 Nf6 18.Qc2 a5 19.Rac1 h6 20.h4 Nd5 21.Bd2 Bf6 22.g4 Be7 23.g5 hxg5
24.hxg5 g6 25.Bh3 Kg7 26.Re1 Rh8 27.Bg4 Qc7 28.Qe4 Rae8 29.Ne5 Bd8 30.Kg2 Bc8
31.Rh1 Rxh1 32.Rxh1 Ne7 33.Bf4 Qb7 34.Nc4 Nf5 35.Be5+ f6 36.gxf6+ Bxf6 37.Bxf5 gxf5
38.Qh4 Bxe5 39.Nxe5 Rg8 40.Qh6+  1-0

[Event "TCh-SVK Extraliga 2011-12"]
[Site "Slovakia SVK"]
[Date "2012.03.09"]
[Round "9.2"]
[White "Ftacnik,L"]
[Black "Likavsky,T"]
[Result "0-1"]
[WhiteElo "2570"]
[BlackElo "2486"]

1.Nf3 e6 2.c4 d5 3.g3 dxc4 4.Qa4+ Nd7 5.Bg2 a6 6.Qxc4 b5 7.Qe4 Rb8 8.O-O Bb7
9.Qc2 c5 10.d3 Bd6 11.a4 Ngf6 12.b3 O-O 13.Bb2 Qb6 14.Nbd2 Bc6 15.axb5 axb5
16.e4 Be7 17.d4 Rfc8 18.dxc5 Bxc5 19.Qd3 h6 20.e5 Ng4 21.Ne4 Bxe4 22.Qxe4 Nxf2
23.Qe2 Nd3+ 24.Kh1 Nxb2 25.Qxb2 Bb4 26.Rad1 Bc3 27.Qe2 Qc7 28.Rd3 b4 29.g4 Nf8
30.g5 Ng6 31.Qd1 Rd8 32.gxh6 gxh6 33.Rxd8+ Rxd8 34.Qc1 Kg7 35.h4 Bxe5 36.h5 Qxc1
37.Rxc1 Bf4 38.Rc4 Rd1+ 39.Ng1 Be3 40.hxg6 Rxg1+ 41.Kh2 Kxg6 42.Rxb4 f5 43.Bc6 Rd1
44.Rc4 e5 45.Kg2 Bd4 46.b4 Rd2+ 47.Kf3 h5 48.Ba4 Kg5 49.Rc2 e4+ 50.Kg3 h4+
51.Kh3 Rd3+ 52.Kg2 h3+ 53.Kh1 Rd1+ 54.Kh2 Kh4  0-1

[Event "ch-Moscow Final 2012"]
[Site "Moscow RUS"]
[Date "2012.03.10"]
[Round "1"]
[White "Kostin,K"]
[Black "Konovalov,N"]
[Result "0-1"]
[WhiteElo "2312"]
[BlackElo "2424"]

1.c4 e6 2.Nf3 d5 3.d4 c6 4.e3 f5 5.Bd3 Nf6 6.O-O Bd6 7.b3 Qe7 8.Bb2 O-O 9.Qc1 Nbd7
10.Ba3 g6 11.Bxd6 Qxd6 12.Qa3 Qxa3 13.Nxa3 b6 14.Rfc1 Bb7 15.Nc2 Rfe8 16.cxd5 exd5
17.Bf1 Ne4 18.Nce1 Nd6 19.Rc2 c5 20.Rac1 Rac8 21.g3 Rc7 22.dxc5 bxc5 23.Bg2 c4
24.Nd4 Ne5 25.Bf1 Rec8 26.Be2 Nc6 27.Nxc6 Rxc6 28.Bf3 Ne4 29.Be2 cxb3 30.axb3 Rxc2
31.Rxc2 Kf7 32.Rxc8 Bxc8 33.Nf3 Ke7 34.Nd4 Kd6 35.Nc2 Bd7 36.b4 Nc3 37.Kf1 Na2
38.Ke1 Ba4 39.Nd4 Nxb4 40.Kd2 Nc6 41.Kc3 a5 42.f4 Nd8 43.Kb2 Kc5 44.Ka3 Bd7
45.Nb3+ Kb6 46.Bf3 Bc6 47.Nd4 Kc5 48.Nb3+ Kb5 49.Be2+ Kb6 50.Nd4 Be8 51.Bf3 Bf7
52.Ka4 Nb7 53.h3 Nc5+ 54.Ka3 Ne4 55.g4 Nd6 56.Be2 fxg4 57.hxg4 h5 58.gxh5 gxh5
59.Nf3 Nc4+ 60.Kb3 Nxe3 61.Ng5 Be8 62.Kc3 a4 63.Ne6 h4 64.Bf3 h3 65.Nd4 h2
66.Kd3 Nf1 67.Bxd5 a3 68.Kc3 a2 69.Kb2 Kc5 70.Bg2 Kxd4  0-1

[Event "TCh-HUN 2011-12"]
[Site "Budapest HUN"]
[Date "2012.03.11"]
[Round "7"]
[White "Kaposztas,M"]
[Black "Szabo,Zso3"]
[Result "1/2-1/2"]
[WhiteElo "2187"]
[BlackElo "2335"]

1.c4 e6 2.Nf3 d5 3.g3 dxc4 4.Qa4+ Nd7 5.Bg2 a6 6.Qxc4 b5 7.Qc2 Bb7 8.d4 c5
9.dxc5 Bxc5 10.O-O Rc8 11.Qd1 Ngf6 12.Bg5 Qb6 13.Bxf6 Nxf6 14.Nbd2 O-O 15.Nb3 Rfd8
16.Qe1 Bf8 17.Rc1 Rxc1 18.Nxc1 a5 19.Nd3 Bd5 20.a3  1/2-1/2

[Event "European Ind w 2012"]
[Site "Gaziantep TUR"]
[Date "2012.03.12"]
[Round "10"]
[White "Javakhishvili,L"]
[Black "Girya,O"]
[Result "1-0"]
[WhiteElo "2448"]
[BlackElo "2406"]

1.c4 e6 2.Nf3 d5 3.g3 Nf6 4.Bg2 dxc4 5.O-O Nbd7 6.Qa4 a6 7.Qxc4 b5 8.Qc6 Rb8
9.d4 Bb7 10.Qc2 c5 11.a4 Qb6 12.axb5 axb5 13.Bd2 cxd4 14.Ba5 Qc5 15.Qd2 e5
16.b4 Qd5 17.e3 Ne4 18.Qb2 dxe3 19.fxe3 Qe6 20.Nc3 Be7 21.Nxb5 O-O 22.Nc7 Qh6
23.Rfe1 Ng5 24.Nxg5 Bxg5 25.Qd2 Bxg2 26.Kxg2 Nf6 27.Qe2 Qg6 28.Ra2 h5 29.Kh1 Ng4
30.Nd5 e4 31.b5 Qe6 32.Rd2 Ne5 33.Bc7 Nf3 34.Bxb8 Rxb8 35.Red1 Nxd2 36.Rxd2 Bd8
37.Qxh5 Ba5 38.Rd1 g6 39.Qe2 Rd8 40.Nf4 Rxd1+ 41.Qxd1 Qc4 42.Qe2 Qb3 43.h4 Bb6
44.h5 g5 45.Ng2 Qd3 46.Qg4 Qxb5 47.Qxe4 Kg7 48.Kg1 Qb2 49.Qf5 Qf6 50.Qxf6+ Kxf6
51.g4 Ke5 52.Kf2 f5 53.Kf3 Bd8 54.gxf5 Kxf5 55.e4+ Ke6 56.Ne3 Bf6 57.Nc4 Bg7
58.Kg4 Bh6 59.Kg3 Bg7 60.Kf3 Bf8 61.Kg4 Bh6 62.e5 Kd5 63.Kf5 g4 64.e6 g3
65.e7 g2 66.e8=Q g1=Q 67.Qe6+  1-0

[Event "TCh-BEL 2011-12"]
[Site "Belgium BEL"]
[Date "2012.03.18"]
[Round "10.2"]
[White "Chuchelov,V"]
[Black "Tiggelman,R"]
[Result "1-0"]
[WhiteElo "2538"]
[BlackElo "2208"]

1.c4 e6 2.Nf3 d5 3.g3 c5 4.Bg2 Nc6 5.O-O Nf6 6.b3 Be7 7.e3 O-O 8.Bb2 b6 9.Nc3 Bb7
10.Qe2 Rc8 11.Rfd1 Qc7 12.cxd5 exd5 13.d4 cxd4 14.Nxd4 Nxd4 15.Rxd4 Bc5 16.Rdd1 Rcd8
17.Nb5 Qe7 18.Bxf6 Qxf6 19.Nxa7 Rfe8 20.Qg4 h5 21.Qxh5 d4 22.Bxb7 dxe3 23.fxe3 Bxe3+
24.Kh1 Qe7 25.Qf3 Bd4 26.Nc6 Qxb7 27.Nxd4  1-0

[Event "ch-VIE Women 2012"]
[Site "Can Tho VIE"]
[Date "2012.03.23"]
[Round "8"]
[White "Le,Phu Nguyen Thao"]
[Black "Nguyen,Truong Bao Tran"]
[Result "1-0"]
[WhiteElo "2050"]
[BlackElo "1908"]

1.c4 e6 2.Nf3 d5 3.d4 Nf6 4.g3 Bb4+ 5.Bd2 Bxd2+ 6.Nbxd2 O-O 7.Bg2 b6 8.O-O c5
9.Rc1 cxd4 10.Nxd4 Bb7 11.e3  1-0

[Event "13th EICC"]
[Site "Plovdiv BUL"]
[Date "2012.03.23"]
[Round "4.117"]
[White "Edouard,R"]
[Black "Grandadam,N"]
[Result "1-0"]
[WhiteElo "2607"]
[BlackElo "2361"]

1.c4 e6 2.Nf3 d5 3.d4 Nf6 4.Nc3 Bb4 5.cxd5 exd5 6.Bg5 Nbd7 7.Rc1 c5 8.dxc5 Qa5
9.a3 Bxc3+ 10.Rxc3 Ne4 11.Bd2 Nxc3 12.Bxc3 Qxc5 13.Bxg7 Rg8 14.Bd4 Qe7 15.g3 Nc5
16.Qc2 Ne4 17.Bg2 Bf5 18.Qb3 Be6 19.O-O f6 20.Bc3 Kf7 21.Nd4 b6 22.Rd1 Kg7
23.Bxe4  1-0

[Event "13th EICC"]
[Site "Plovdiv BUL"]
[Date "2012.03.24"]
[Round "5.31"]
[White "Banusz,T"]
[Black "Fridman,D"]
[Result "1/2-1/2"]
[WhiteElo "2583"]
[BlackElo "2653"]

1.c4 e6 2.Nf3 d5 3.d4 Nf6 4.g3 dxc4 5.Bg2 c5 6.O-O Nc6 7.dxc5 Qxd1 8.Rxd1 Bxc5
9.Nbd2 c3 10.bxc3 O-O 11.Nb3 Be7 12.Nfd4 Bd7 13.Nxc6 Bxc6 14.Bxc6 bxc6 15.c4 Rfb8
16.Bd2 Bb4 17.Bf4 Rd8 18.Bc7 Rxd1+ 19.Rxd1 Rc8 20.Be5 a5 21.a4 Ne4 22.Rd7 f6
23.Bc7 Nc3 24.Bxa5 Bxa5 25.Nxa5 Nxe2+ 26.Kg2 Nc3 27.Rd6 Nxa4 28.Nxc6 Kf7
29.Rd7+ Ke8 30.Re7+ Kf8 31.Rxe6 Nb2 32.Nd4 Nxc4 33.Ra6 Re8 34.Nf5 Ne5 35.Ra7 g6
36.Ne3 Re7 37.Ra6 f5 38.Nd5 Rd7 39.Nf6 Re7 40.Nd5 Rd7  1/2-1/2

[Event "ch-VIE Women KO 2012"]
[Site "Can Tho VIE"]
[Date "2012.03.26"]
[Round "1.2"]
[White "Pham Bich Ngoc"]
[Black "Le Kieu Thien Kim"]
[Result "1/2-1/2"]
[WhiteElo "2155"]
[BlackElo "2230"]

1.c4 e6 2.Nf3 d5 3.e3 Nf6 4.b3 c5 5.Bb2 Be7 6.cxd5 exd5 7.d4 O-O 8.dxc5 Bxc5
9.Be2 Nc6 10.O-O Bf5 11.Nc3 a6 12.Rc1 Ba7 13.h3 Rc8 14.Bd3 Be4 15.Ng5 Bxd3
16.Qxd3 h6 17.Nf3 d4 18.exd4 Nxd4 19.Nxd4 Qxd4 20.Qxd4 Bxd4 21.Na4 Bxb2 22.Nxb2 Rfd8
23.Nc4 b5 24.Ne3 Rxc1 25.Rxc1 Rd2 26.Rc8+ Kh7 27.Rc2 Rxc2 28.Nxc2 Nd5 29.Kf1 Kg6
30.a3 Kf5 31.Ke2 Ke4 32.f3+ Kf4 33.Kf2 Ke5 34.h4 f5 35.g3 a5 36.b4 a4 37.h5 Nc3
38.Ke3 Nd5+ 39.Kd3 Nf6 40.f4+ Kd6 41.Nd4 Nxh5 42.Nxf5+ Kd5 43.Ne3+ Ke6 44.Nf1 Nf6
45.Kd4 Nd5 46.f5+ Kd6 47.g4 Ne7 48.Ne3 Nc6+ 49.Ke4 Ne5 50.Kd4 Nf3+ 51.Ke4 Ng5+
52.Kd4 Nf7 53.Ke4 Kc6 54.Kd4 Kd6 55.Ke4 Ne5 56.Kd4 Nf3+ 57.Ke4 Nd2+ 58.Kd4 Nb1
59.Nc2 Kc6 60.Ke5 Kd7 61.Kd5 Ke7 62.Kc5 Nc3 63.Kd4 Nb1 64.Kc5  1/2-1/2

[Event "ch-VIE Men KO 2012"]
[Site "Can Tho VIE"]
[Date "2012.03.26"]
[Round "1.1"]
[White "Bui Vinh"]
[Black "Duong The Anh"]
[Result "1/2-1/2"]
[WhiteElo "2463"]
[BlackElo "2373"]

1.c4 e6 2.Nf3 d5 3.g3 c6 4.Qc2 Bd6 5.Bg2 Nf6 6.O-O O-O 7.d3 e5 8.Bg5 Be6
9.Nc3 Nbd7 10.cxd5 cxd5 11.Rfc1 Rc8 12.d4 e4 13.Nd2 h6 14.Bxf6 Qxf6 15.e3 Nb6
16.Qb3 Qe7 17.a4 f5 18.a5 Nd7 19.a6 b6 20.Nb5 Bb8 21.Rc3 Nf6 22.Rac1 g5 23.R1c2 Kg7
24.f4 exf3 25.Nxf3 Rxc3 26.Rxc3 Ne4 27.Rc2 f4 28.exf4 gxf4 29.g4 Bxg4 30.Qxd5 Ng5
31.Rc3 Bxf3 32.Bxf3 Qe1+ 33.Kg2 Qd2+ 34.Kf1 Re8 35.Qd7+ Kf8 36.Qf5+ Kg7 37.Qd7+ Kf8
38.Qf5+ Kg7 39.Qd7+ Kf8  1/2-1/2

[Event "European Senior Teams 2012"]
[Site "Rogaska Slatina SLO"]
[Date "2012.03.28"]
[Round "2.2"]
[White "Haakert,J"]
[Black "Monedero Gonzalez,J"]
[Result "1/2-1/2"]
[WhiteElo "2394"]
[BlackElo "2104"]

1.c4 e6 2.Nf3 d5 3.b3 Nf6 4.Bb2 Nbd7 5.g3 Be7 6.Bg2 O-O 7.O-O c6 8.d3 Qb6
9.Qc2 Re8 10.e4 Bf8 11.e5 Nh5 12.Nbd2 g6 13.d4 a5 14.Ne1 a4 15.c5 Qa7 16.Nd3 b6
17.b4 Ba6 18.f4 Bb5 19.Rf3 Reb8 20.a3 Qa6 21.Nf2 Ng7 22.g4 Be7 23.Re1 Bh4
24.Rfe3 Rf8 25.Nf3 Be7 26.Bc1 Rae8 27.Ng5 h6 28.Rh3 bxc5 29.Rxh6 cxd4 30.Nh7 c5
31.bxc5 d3 32.Qc3 f6 33.Nxf8 Kxf8 34.c6 Qxc6 35.Qxc6 Bxc6 36.Nxd3 Kf7 37.Nb4 Bb5
38.Nxd5 Bc5+ 39.Kh1 exd5 40.Bxd5+ Ne6 41.f5 Nxe5 42.Bxe6+ Rxe6 43.fxe6+ Kg7
44.Be3 Bc6+ 45.Kg1 Nf3+ 46.Kf2 Nxe1 47.Rh3 Nd3+ 48.Ke2 Bb5 49.Kd2 Bxe3+ 50.Rxe3 Ne5
51.Kc3 Nxg4 52.Re4 Ne5 53.Kd4 Bc6 54.Rf4 g5 55.Rf1 g4 56.Kc5 Be8 57.Kd6 Nf3
58.h3 f5 59.hxg4 fxg4 60.Rh1 Bg6 61.e7 g3 62.Rh3 Ng5 63.Rh4 Kf6 64.Rf4+ Kg7
65.Rg4 Kf6 66.Rf4+ Kg7 67.Rxa4 Nf7+ 68.Kd5 Nh6 69.Ra7 Be8 70.Rc7 g2 71.Rc1 Kf6
72.Ke4 Kxe7 73.Kf3 Bc6+ 74.Kf2 Ng4+ 75.Kg1 Bd5 76.Rc5  1/2-1/2

[Event "ch-CHN w 2012"]
[Site "Xinghua CHN"]
[Date "2012.03.28"]
[Round "2"]
[White "Huang Qian"]
[Black "Tan Zhongyi"]
[Result "1/2-1/2"]
[WhiteElo "2399"]
[BlackElo "2438"]

1.c4 e6 2.Nf3 d5 3.e3 Nf6 4.Nc3 c5 5.cxd5 exd5 6.d4 Nc6 7.Be2 cxd4 8.Nxd4 Bc5
9.O-O O-O 10.Nxc6 bxc6 11.b3 Re8 12.Bb2 Bd7 13.Rc1 Bd6 14.Bf3 Rc8 15.Na4 c5
16.Bxf6 Qxf6 17.Qxd5 Bc6 18.Qd1 Bxa4 19.bxa4 c4 20.g3 c3 21.Rc2 Red8 22.Qe2 Ba3
23.Kg2 g6 24.Rd1 Rxd1 25.Qxd1 Rd8 26.Qe2 Bf8 27.h4 h5 28.Qc4 Bg7 29.Qc7 Qb6
30.Qxb6 axb6 31.Kf1 Kf8 32.Ke2 Ke7 33.Be4 Kd6 34.Rc1 Kc5 35.Rd1 Rxd1 36.Kxd1  1/2-1/2

[Event "ch-Urals Men 2012"]
[Site "Satka RUS"]
[Date "2012.03.29"]
[Round "6"]
[White "Yuffa,D"]
[Black "Yuzhakov,O"]
[Result "1/2-1/2"]
[WhiteElo "2334"]
[BlackElo "2278"]

1.c4 e6 2.Nf3 d5 3.g3 Nf6 4.Bg2 c6 5.Qc2 Nbd7 6.O-O Bd6 7.d3 O-O 8.Nc3 a6
9.b3 b5 10.Bb2 e5 11.Nd2 Bb7 12.e4 dxc4 13.dxc4 Qb6 14.a3 a5 15.cxb5 cxb5
16.a4 Ba6 17.axb5 Bxb5 18.Nxb5 Qxb5 19.Nc4 Bc5 20.Bh3 Bd4 21.Bxd4 exd4 22.Rfd1 Nc5
23.e5 d3 24.Qb2 Ne8 25.Bg2 Ra6 26.Rab1 a4 27.Na3 Qb4 28.bxa4 Qxa4 29.Nb5 Rb6
30.Qd4 Qxd4 31.Nxd4 Rxb1 32.Rxb1 Nc7 33.f4 N7e6 34.Nc6 Na4 35.Bf3 Kh8 36.Kf2 f6
37.exf6 gxf6 38.Ke3 Nac5 39.Rb8 Rxb8 40.Nxb8 Nc7 41.Kd4 N7a6 42.Nc6 Kg7 43.Ne7 Kf7
44.Nf5 Kg6 45.Nd6 h6 46.h4 f5 47.Bd1 Kf6 48.Bh5 Ke6 49.Nc4 Ne4 50.Kxd3 Nxg3
51.Bf3 Nc5+ 52.Ke3 Kf6 53.Nd2 Kg6 54.Kd4 Nd7 55.Nc4 Kf6 56.Nd6 Nf8 57.Ke3 Nf1+
58.Ke2 Nh2 59.Bh5 Ne6 60.Ke3 Nf1+ 61.Kf3 Nd2+ 62.Ke3  1/2-1/2

[Event "13th EICC"]
[Site "Plovdiv BUL"]
[Date "2012.03.30"]
[Round "10.74"]
[White "Zontakh,A"]
[Black "Boruchovsky,A"]
[Result "1/2-1/2"]
[WhiteElo "2556"]
[BlackElo "2333"]

1.c4 e6 2.Nf3 d5 3.g3 dxc4 4.Bg2 a6 5.O-O Nf6 6.a4 Nc6 7.a5 Bb4 8.Ne5 Nxe5
9.Qa4+ Bd7 10.Qxb4 Bc6 11.Bxc6+ Nxc6 12.Qxc4 Qd5 13.Qxd5 Nxd5 14.Ra4 O-O-O
15.d3 Nde7 16.Nc3 Rd4 17.Bd2 Rxa4 18.Nxa4 Nd4 19.Re1 Nb3 20.Bc3 f6 21.d4 Rd8
22.Nc5 Nxc5 23.dxc5 Rd5 24.e4 Rd8 25.f4 Kd7 26.Rd1+ Ke8 27.Rc1 h5 28.Kf2 Kf7
29.Ke3 Nc6 30.h3 Ne7 31.Rg1 c6 32.Rg2 Ng6 33.Rd2 Rxd2 34.Bxd2 Nf8 35.f5 g6
36.g4 hxg4 37.hxg4 Nd7 38.b4 Ne5 39.Kf4 exf5 40.exf5 gxf5  1/2-1/2

[Event "13th EICC"]
[Site "Plovdiv BUL"]
[Date "2012.03.31"]
[Round "11.21"]
[White "Salgado Lopez,I"]
[Black "Sargissian,G"]
[Result "0-1"]
[WhiteElo "2621"]
[BlackElo "2674"]

1.c4 e6 2.Nf3 d5 3.g3 dxc4 4.Qa4+ Nd7 5.Bg2 a6 6.Qxc4 b5 7.Qc2 Bb7 8.O-O Ngf6
9.d3 c5 10.a4 Be7 11.Nc3 Bc6 12.Bd2 O-O 13.axb5 axb5 14.b4 Rxa1 15.Rxa1 Qb6
16.bxc5 Bxc5 17.e3 Qb7 18.e4 b4 19.Nd1 Ra8 20.Rb1 Ra3 21.Be3 Ba4 22.Qd2 Bxd1
23.Rxd1 Bxe3 24.Qxe3 b3 25.Rb1 b2 26.Qd4 Rb3 27.Nd2 e5 28.Qc4 Ra3 29.Qc2 Ra1
30.Bf3 Qb4 31.Kg2 Rxb1 32.Nxb1 Nc5 33.Be2 Nfd7 34.f4 exf4 35.gxf4 Ne6 36.Bg4 Nxf4+
37.Kg3 Qe1+  0-1

[Event "O2C Doeberl Cup Premier 2012"]
[Site "Canberra AUS"]
[Date "2012.04.07"]
[Round "6.6"]
[White "Czebe,A"]
[Black "Liu,Yi"]
[Result "1-0"]
[WhiteElo "2477"]
[BlackElo "2116"]

1.c4 e6 2.Nf3 d5 3.d4 c6 4.g3 dxc4 5.Bg2 b5 6.O-O Nf6 7.a4 Bb7 8.Ne5 Qb6
9.b3 cxb3 10.a5 Qc7 11.a6 Bc8 12.Qxb3 Bd6 13.Nc3 Nd5 14.Ne4 O-O 15.Nxd6 Qxd6
16.e4 Nf6 17.Ba3 Qxd4 18.Bxf8 Kxf8 19.Rad1 Qb6 20.Rd6 Bxa6 21.Rfd1 Bb7 22.Rxe6 Qc7
23.Red6 Qe7 24.Rd8+ Ne8 25.Rxb8 Rxb8 26.Nd7+ Kg8 27.Nxb8  1-0

[Event "39th La Roda Open"]
[Site "La Roda ESP"]
[Date "2012.04.08"]
[Round "8"]
[White "Suba,M"]
[Black "Bendayan Claros,A"]
[Result "1-0"]
[WhiteElo "2438"]
[BlackElo "2163"]

1.c4 e6 2.Nf3 d5 3.d4 Nf6 4.Nc3 Bb4 5.cxd5 exd5 6.Bg5 Nbd7 7.Nd2 Be7 8.e3 O-O
9.Be2 b6 10.O-O Bb7 11.Rc1 c5 12.Re1 a6 13.Bf3 Rc8 14.Bf4 c4 15.e4 dxe4 16.Ndxe4 Nd5
17.Nxd5 Bxd5 18.Qa4 Nf6 19.Nxf6+ Bxf6 20.Bxd5 Qxd5 21.Be5 Bxe5 22.dxe5 a5
23.Rcd1 Qc5 24.Qd7 Rce8 25.Rd5 Qb4 26.Re2 c3 27.bxc3 Qxc3 28.g3 Qc4 29.Qb5 Qxb5
30.Rxb5 Re6 31.Reb2 f6 32.Rxb6 Rxe5 33.Ra6 Rf7 34.Rb8+  1-0

[Event "IV ch-IberoAmerican GpA"]
[Site "Quito ECU"]
[Date "2012.04.16"]
[Round "3.3"]
[White "Felgaer,R"]
[Black "Almedina Ortiz,E"]
[Result "1-0"]
[WhiteElo "2564"]
[BlackElo "2247"]

1.c4 e6 2.Nf3 d5 3.b3 Nf6 4.g3 Be7 5.Bg2 O-O 6.O-O b6 7.Bb2 Bb7 8.e3 c5 9.Qe2 Nc6
10.Rd1 Qc7 11.Nc3 Rad8 12.cxd5 Nxd5 13.Nxd5 exd5 14.d4 c4 15.bxc4 Ba6 16.Rac1 Na5
17.e4 Bxc4 18.Qc2 Qb7 19.Nd2 Rc8 20.Qa4 Qa6 21.Nxc4 Rxc4 22.Qd7 Bg5 23.f4 Rd8
24.Qg4 Be7 25.e5 Qb5 26.Rxc4 Nxc4 27.Bc1 Qa4 28.Qe2 Ba3 29.e6 fxe6 30.Bxa3 Nxa3
31.Qxe6+ Kh8 32.Qe2 Nb5 33.Qd2 Nc3 34.Re1 Qb4 35.Re3 Qb1+ 36.Re1 Qb4 37.Rc1 Qxd4+
38.Qxd4 Ne2+ 39.Kf2 Nxd4 40.Bxd5 g5 41.Be4 gxf4 42.gxf4 Ne6 43.Ke3 Nc5 44.Bc2 Kg7
45.Rg1+ Kf6 46.Rg5 Re8+ 47.Kf3 Ne6 48.Rf5+ Ke7 49.Re5 Kd6 50.Ke3 Rf8 51.Bf5 Rf6
52.Ke4 Nc5+ 53.Kf3 h6 54.Kg4 a5 55.Re8 Ne6 56.Bxe6 Rxe6 57.Rd8+ Kc5 58.Rd2 Rf6
59.f5 b5 60.Kf4 b4 61.Ke5 Rf8 62.f6 a4 63.Ke6 b3 64.axb3 axb3 65.f7 Rb8 66.Ke7 Kc4
67.f8=Q Rxf8 68.Kxf8 Kc3 69.Rd6 b2 70.Rb6 Kc2 71.h4 b1=Q 72.Rxb1 Kxb1 73.h5  1-0

[Event "IV ch-IberoAmerican GpA"]
[Site "Quito ECU"]
[Date "2012.04.16"]
[Round "4.1"]
[White "Macias Murillo,B"]
[Black "Almedina Ortiz,E"]
[Result "1-0"]
[WhiteElo "2382"]
[BlackElo "2247"]

1.c4 e6 2.Nf3 d5 3.e3 Nf6 4.b3 Be7 5.Bb2 O-O 6.a3 b6 7.cxd5 exd5 8.d3 c5
9.Nbd2 Nc6 10.Be2 Bf5 11.O-O Re8 12.Re1 Bd6 13.Rc1 Rc8 14.Qc2 b5 15.Qb1 Ne5
16.Red1 Qe7 17.h3 c4 18.Nxe5 Bxe5 19.Bxe5 Qxe5 20.Nf3 Qe7 21.Nd4 Bxd3 22.Bxd3 cxd3
23.Nxb5 a6 24.Nd4 Qxa3 25.Rxc8 Rxc8 26.Qxd3 Rc1 27.g4 Ne4 28.Ne2 Rxd1+ 29.Qxd1 Qc5
30.Qd3 Qa5 31.Qd1 Qc5 32.Kg2 g5 33.Qd3 Qd6 34.Nd4 Qf6 35.Qc2 h5 36.b4 h4
37.Nf5 Qc3 38.Qa4 Qf6 39.Qd7 Qe6 40.Qxd5 Qxd5 41.Ne7+ Kf8 42.Nxd5 Ke8 43.Nc7+ Kd7
44.Nxa6 Kc6 45.Nc5 Nc3 46.f3 Kb5 47.Nd3 Kc4 48.Nf2 Kxb4 49.Ne4 Kc4 50.f4 f6
51.fxg5 fxg5 52.Kf3 Nd1 53.Ke2 Nb2 54.Nxg5 Kd5 55.Nf3  1-0

[Event "Belgrade Cup Final 2012"]
[Site "Belgrade SRB"]
[Date "2012.04.20"]
[Round "3.1"]
[White "Cvetkovic,Sr"]
[Black "Ravic,N"]
[Result "1/2-1/2"]
[WhiteElo "2394"]
[BlackElo "2326"]

1.c4 e6 2.Nf3 d5 3.d4 Nf6 4.Nc3 Be7 5.Bg5 O-O 6.e3 h6 7.Bh4 Ne4 8.Bxe7 Qxe7
9.Rc1 c6 10.Qc2 Nxc3 11.Qxc3 Nd7 12.a3 dxc4 13.Bxc4 c5 14.dxc5 Nxc5 15.b4 Ne4
16.Qe5 Nd6 17.Be2 Rd8 18.O-O Bd7 19.Rc7 Rac8 20.Rfc1 Rxc7 21.Rxc7 Rc8 22.Rxc8+ Bxc8
23.Nd4 Qc7 24.Qc5 Qxc5 25.bxc5 Ne4 26.c6 Nd6 27.cxb7  1/2-1/2

[Event "Grand Congress Open"]
[Site "Bournemouth ENG"]
[Date "2012.04.21"]
[Round "3.17"]
[White "Byway,P"]
[Black "Homolka,Vincent"]
[Result "1-0"]
[WhiteElo "2160"]
[BlackElo "1837"]

1.Nf3 e6 2.c4 d5 3.g3 Nf6 4.Bg2 c5 5.O-O Nc6 6.d4 cxd4 7.Nxd4 Be7 8.Nc3 O-O
9.cxd5 exd5 10.Be3 Qa5 11.Nb3 Qa6 12.Bc5 Rd8 13.Bxe7 Nxe7 14.Nd4 Be6 15.Rc1 Rac8
16.Qb3 Nc6 17.Rfd1 h6 18.Nxe6 fxe6 19.e4 Na5 20.Qb5 Qxb5 21.Nxb5 Nc6 22.Bh3 Kf7
23.exd5 Nxd5 24.Re1 Nc7 25.Nxc7 Rxc7 26.Bxe6+ Kf6 27.Bb3 Re7 28.Rxe7 Kxe7
29.Ba4 Rd6 30.Kg2 a6 31.Bxc6 bxc6 32.Rc5 Rd2 33.Rxc6 Rxb2 34.Rxa6 Rb1 35.h4 h5
36.Kf3 Rb4 37.Ke3 Rc4 38.Kd3 Rc1 39.Ra4 Kf6 40.Rc4 Rf1 41.Rf4+ Ke6 42.Kc4 Ra1
43.Kb3 Rb1+ 44.Kc3 Rc1+ 45.Kb2 Rc5 46.a4 Re5 47.Kb3 Rd5 48.Kb4 Rd2 49.Kb5 Rb2+
50.Ka6 Ke7 51.a5 Ke6 52.Ka7 Ke7 53.a6 Rb3 54.Rf5 g6 55.Rg5 Kf7 56.Rc5 Rb2
57.Rc7+ Kf6 58.Rb7 Ra2 59.Rb6+ Kg7 60.Kb7 Rxf2 61.a7 Rf7+ 62.Ka6 Rf8 63.Rb8 Rf6+
64.Kb5  1-0

[Event "TCh-CZE Extraliga 2011-12"]
[Site "Czech Republic CZE"]
[Date "2012.04.22"]
[Round "11.6"]
[White "Znamenacek,K"]
[Black "Sosna,J"]
[Result "1-0"]
[WhiteElo "2294"]
[BlackElo "2398"]

1.c4 e6 2.Nf3 d5 3.g3 c6 4.b3 Nf6 5.Bg2 Nbd7 6.O-O Bd6 7.Bb2 dxc4 8.bxc4 e5
9.d4 exd4 10.Nxd4 Ne5 11.Qc2 O-O 12.Nd2 Re8 13.Rad1 Qe7 14.N2b3 Ng6 15.e3 Bg4
16.Nf5 Bxf5 17.Qxf5 Be5 18.Bxe5 Nxe5 19.c5 Rad8 20.Rd4 Rxd4 21.exd4 Ng6 22.Na5 Qc7
23.Nc4 h5 24.Rb1 Re2 25.Nd6 b6 26.Bf3 Ne7 27.Qg5 Rxa2 28.Re1 bxc5 29.dxc5 Ng6
30.Bxh5 Qa5 31.Rf1 Nxh5 32.Qxh5 Qd2 33.Nxf7 Ne7 34.Ng5  1-0

[Event "RBTT Heroes Day Cup 2012"]
[Site "Bridgetown BAR"]
[Date "2012.04.27"]
[Round "2"]
[White "Farley,T"]
[Black "Warner,De"]
[Result "1/2-1/2"]
[WhiteElo "2250"]
[BlackElo "2210"]

1.c4 e6 2.Nf3 d5 3.b3 c5 4.Bb2 Nc6 5.e3 d4 6.exd4 cxd4 7.d3 e5 8.a3 a5 9.g3 Bg4
10.Bg2 f6 11.O-O Qd7 12.Re1 Nh6 13.Nbd2 Be7 14.h3 Bxh3 15.Nxe5 Nxe5 16.Qh5+ g6
17.Qxh6 Bxg2 18.Kxg2 Kf7 19.Re4 Bc5 20.b4 Bf8 21.Qh4 axb4 22.axb4 Rxa1 23.Bxa1 Bxb4
24.Rf4 Qc6+ 25.Ne4 Be7 26.Bxd4 Nxd3 27.Rxf6+ Bxf6 28.Bxf6 Nc5 29.Bxh8 Qxe4+
30.Qxe4 Nxe4 31.Bd4 Nd2 32.c5 Nb3 33.Be3 Ke6 34.Kf3 Kd5 35.Kf4 Nxc5 36.Kg5 b5
37.Kh6 b4 38.Bd2 b3 39.Bc3 Ne4 40.Bb2 Ke6 41.Kxh7 Kf7 42.f4 Nxg3 43.Kh6 Ne4
44.Ba1 Nc5 45.Kg5 Ne6+ 46.Kg4 Ng7 47.Kg5 Nf5 48.Bb2 Ne7 49.Ba1 Ke6 50.Bb2 Kd5
51.Kf6 Ke4 52.Be5 Nd5+ 53.Kxg6 Nxf4+ 54.Kf6 Nd5+ 55.Ke6 Nc7+ 56.Kf6 Ke3 57.Kf5 Nb5
58.Ba1 Nd4+ 59.Ke5 Nc2 60.Bb2 Nb4 61.Ke6 Kd2 62.Ba1 Kc1 63.Kd7 Nc2 64.Bc3 Kb1
65.Kc8 Ka2 66.Kb8  1/2-1/2

[Event "ch-SRB 2012"]
[Site "Vrnjacka Banja SRB"]
[Date "2012.04.29"]
[Round "7"]
[White "Damljanovic,B"]
[Black "Miladinovic,I"]
[Result "0-1"]
[WhiteElo "2582"]
[BlackElo "2555"]

1.c4 e6 2.Nf3 d5 3.d4 Nf6 4.g3 c6 5.Bg2 Nbd7 6.Nbd2 Be7 7.O-O O-O 8.Qc2 b6
9.e4 Ba6 10.b3 Rc8 11.Bb2 c5 12.exd5 exd5 13.Rad1 Re8 14.Qf5 g6 15.Qh3 Rc7
16.Ng5 h5 17.Rfe1 Nf8 18.dxc5 Bc8 19.Qh4 Bg4 20.Ndf3 N6d7 21.Rxe7 Qxe7 22.c6 Rxc6
23.h3 Bxf3 24.Qd4 Qe5 25.Bxf3 Qxd4 26.Bxd4 Nf6 27.cxd5 Rd6 28.Bb2 N8h7 29.Nxh7 Kxh7
30.Kg2 b5 31.Rd4 Kg8 32.g4 hxg4 33.hxg4 a5 34.g5 Nd7 35.Rh4 f6 36.Be4 Kg7
37.f3 b4 38.Rh6 Ne5 39.f4 Ng4 40.Bxg6 Re2+ 41.Kf3 Nxh6 42.Kxe2 Kxg6 43.gxh6 Rxd5
44.Ke3 Rh5 45.Kd4  0-1

[Event "71st ch-GEO 2012"]
[Site "Tbilisi GEO"]
[Date "2012.05.13"]
[Round "1"]
[White "Javakhadze,Z"]
[Black "Chighladze,I"]
[Result "1-0"]
[WhiteElo "2418"]
[BlackElo "2390"]

1.c4 e6 2.Nf3 d5 3.b3 c5 4.Bb2 Nc6 5.g3 d4 6.Bg2 Nf6 7.O-O e5 8.e3 Be7 9.exd4 exd4
10.Na3 O-O 11.Nc2 a5 12.Re1 Re8 13.h3 Bd7 14.d3 Qb6 15.Rb1 Bd6 16.Rxe8+ Rxe8
17.a3 Qc7 18.b4 b6 19.Bc1 h6 20.Bd2 Ne7 21.Na1 Ng6 22.Nb3 axb4 23.axb4 Qc8
24.Qf1 Bc6 25.Ra1 Qd7 26.b5 Bb7 27.Ra7 Bb8 28.Ra1 Qc7 29.Re1 Rxe1 30.Qxe1 Qd7
31.Qe2 Bd6 32.Qf1 Kh7 33.Ne1 Bxg2 34.Qxg2 Qa7 35.Qf3 Qa2 36.Qd1 Nd7 37.Nc1 Qb2
38.f4 Nf6 39.Qe2 Qa1 40.Nf3 Qa8 41.f5 Nf8 42.g4 Kg8 43.Kf2 Qb7 44.Qd1 N8d7
45.Ne2 Qa7 46.Bf4 Bxf4 47.Nxf4 Qb8 48.Qd2 Ne5 49.Nxe5 Qxe5 50.Kf3 Qe8 51.Qe2 Qa8+
52.Kg3 Qh1 53.Ng2 Qg1 54.Qe1 Qxe1+ 55.Nxe1 Kf8 56.Kf4 Ke7 57.Ke5 h5 58.g5 Nh7
59.Kd5 h4 60.Nf3 Kd7 61.Ne5+ Ke7 62.Nxf7 Nf8 63.Ne5 Nh7 64.f6+ Kf8 65.fxg7+ Kxg7
66.Nf3 Kg6 67.Kc6  1-0